| 000 | 00689cam a22002415i 4500 | ||
|---|---|---|---|
| 999 |
_c118996 _d118996 |
||
| 001 | 21675373 | ||
| 005 | 20201026093329.0 | ||
| 008 | 181001s2018 si |||| o |||| 0|eng | ||
| 020 | _a9789811320408 | ||
| 040 | _cPK-LaUMT | ||
| 082 | 0 | 4 |
_a519.57 _223 _bTHE- |
| 245 | 1 | 0 |
_aTheory and Application of Uniform Experimental Designs / _cby Kai-Tai Fang . . . [et al.] |
| 260 |
_aBeijing : _bSpringer _c2018 |
||
| 300 | _a300 p. | ||
| 490 | 1 |
_aLecture Notes in Statistics, _v221 |
|
| 650 | 0 | _aStatistics. | |
| 650 | 1 | 4 | _aStatistical Theory and Methods. |
| 650 | 2 | 4 | _aApplied Statistics. |
| 700 | 1 | _aLiu, Min-Qian. | |
| 700 | 1 | _aQin, Hong. | |
| 700 | 1 | _aZhou, Yong-Dao. | |
| 942 | _cBK | ||